| Tag |
First Indicator |
Second Indicator |
Subfields |
| LEADER |
00000cam a2200000 a 4500 |
| 001 |
in00000016302 |
| 005 |
20151007052733.0 |
| 007 |
hd afb||||||| |
| 008 |
880526r19801980miu ab 00010 eng d |
| 035 |
|
|
|a (OCoLC)18002239
|
| 035 |
|
|
|9 AAA8988AM
|
| 040 |
|
|
|a TXA
|c TXA
|d UtOrBLW
|
| 049 |
|
|
|a TXAI
|
| 099 |
|
|
|a film
|a B
|a 2007
|
| 100 |
1 |
|
|a Schwindt, Mark S.
|
| 245 |
1 |
2 |
|a A comparison of the personality characteristics between students in a regular high school program and students in an alternative school program for dropouts /
|c by Mark S. Schwindt.
|
| 264 |
|
1 |
|a [Place of publication not identified] :
|b [publisher not identified] ;
|c 1980.
|
| 300 |
|
|
|a x, 162 leaves.
|
| 336 |
|
|
|a text
|b txt
|2 rdacontent
|
| 337 |
|
|
|a microform
|b h
|2 rdamedia
|
| 338 |
|
|
|a microfilm reel
|b hd
|2 rdacarrier
|
| 502 |
|
|
|b Ph. D.
|c University of Colorado
|d 1980.
|
| 504 |
|
|
|a Bibliography: leaves [114]-124.
|
| 533 |
|
|
|a Microfilm.
|b Ann Arbor, Mich. :
|c University Microfilms International,
|d 1980.
|e 1 microfilm reel ; 35 mm.
|
| 500 |
|
|
|a Microform.
|
| 650 |
|
0 |
|a High school students.
|
| 650 |
|
0 |
|a High school dropouts.
|
| 650 |
|
0 |
|a Personality and academic achievement.
|
| 999 |
|
|
|a MARS
|
| 999 |
f |
f |
|s 3078769c-c78e-3fa0-a7a6-d2bca52ea16e
|i 6f42c29b-64d9-3569-8a7a-2c4e3f5cda59
|t 0
|
| 952 |
f |
f |
|p default
|a Texas A&M University
|b College Station
|c Sterling C. Evans Library
|d Evans: Microforms (3rd floor)
|t 0
|e film B 2007
|h Other scheme
|i microform -- microfilm reel
|
| 998 |
f |
f |
|a film B 2007
|t 0
|l Evans: Microforms (3rd floor)
|